000 01302 a2200241 4500
001 34959
005 20260407155634.0
008 260407a1995 arg spa d
003 AR-UNSa-BCEJYS
040 _aAR-UNSa-BCEJYS
_bspa
_cAR-UNSa-BCEJYS
080 _a658.56
_xControl de la calidad. Control de herramientas y material
245 1 0 _a¿Qué es el control de calidad?
_pla modalidad japonesa
020 _a958-04-0863-7
264 1 _aBogotá :
_bGrupo Editorial Norma
_c1995
300 _a209 p.
_c23 cm.
505 _a1. Mi encuentro con el control de calidad - 2. Características del control de calidad japonés - 3. La esencia del control de calidad - 4. La garantía de calidad - 5. El control total de calidad - 6. El CTC es una revolución conceptual en la gerencia - 7. Qué hacer y qué no hacer en la gerencia alta y media - 8. Actividades de los círculos de CC - 9. Control de calidad para subcontratos y compras - 10. Control de calidad en el mercado: industrias de distribución y servicios - 11. Auditoría de control de calidad - 12. Utilización de métodos estadísticos - Indice
942 _cBK
590 _aniveau_biblio:m niveau_hierar:0
100 1 _aIshikawa, Kaoru
700 1 _aLu, David J.
700 1 _aCárdenas, Margarita
700 1 _aSalazar Marciales, Hugo
999 _c2512
_d2512